<?xml version="1.0" encoding="UTF-8"?>
<collection xmlns="http://www.loc.gov/MARC21/slim">
 <record>
  <leader>01083nam a22002171  4500</leader>
  <controlfield tag="001">1/49956</controlfield>
  <controlfield tag="008">040526s1994    gr       b    0 11  gre  </controlfield>
  <datafield tag="020" ind1=" " ind2=" ">
   <subfield code="a">960287001X</subfield>
  </datafield>
  <datafield tag="035" ind1=" " ind2=" ">
   <subfield code="l">22314</subfield>
  </datafield>
  <datafield tag="040" ind1=" " ind2=" ">
   <subfield code="a">GR-PeUP</subfield>
  </datafield>
  <datafield tag="082" ind1="0" ind2="0">
   <subfield code="a">025.3'2 ΑΓΓ</subfield>
  </datafield>
  <datafield tag="245" ind1="1" ind2="0">
   <subfield code="a">Αγγλο-Αμερικανικοί κανόνες καταλογογράφησης /</subfield>
   <subfield code="c">επιμέλεια Michael Gorman και Paul W. Winkler ;μετάφραση και επιμέλεια ελληνικής έκδοσης Μερσίνη Μορελέλη Κακούρη</subfield>
  </datafield>
  <datafield tag="250" ind1=" " ind2=" ">
   <subfield code="a">2η εκδ.</subfield>
  </datafield>
  <datafield tag="260" ind1=" " ind2=" ">
   <subfield code="a">Θεσσαλονίκη ;</subfield>
   <subfield code="b">Τ.Ε.Ι.Θ.,</subfield>
   <subfield code="c">1994</subfield>
  </datafield>
  <datafield tag="300" ind1=" " ind2=" ">
   <subfield code="a">2 τ. ;</subfield>
   <subfield code="c">24 εκ.</subfield>
  </datafield>
  <datafield tag="650" ind1=" " ind2="4">
   <subfield code="a">Καταλογογράφηση.</subfield>
  </datafield>
  <datafield tag="700" ind1="1" ind2=" ">
   <subfield code="a">Gorman, Michael,</subfield>
   <subfield code="e">ed.</subfield>
  </datafield>
  <datafield tag="700" ind1="1" ind2=" ">
   <subfield code="a">Winkler, Paul W.</subfield>
   <subfield code="q">(Paul Walter)</subfield>
   <subfield code="e">ed.</subfield>
  </datafield>
  <datafield tag="700" ind1="1" ind2=" ">
   <subfield code="a">Μορελέλη-Κακούρη Μερσίνη,</subfield>
   <subfield code="d">1949-</subfield>
   <subfield code="e">μετ.</subfield>
  </datafield>
  <datafield tag="852" ind1=" " ind2=" ">
   <subfield code="a">INST</subfield>
   <subfield code="b">UNIPILB</subfield>
   <subfield code="c">REF</subfield>
   <subfield code="e">20040709</subfield>
   <subfield code="h">025.3'2 ΑΓΓ</subfield>
   <subfield code="p">00138803</subfield>
   <subfield code="q">00138803</subfield>
   <subfield code="t">NOLOAN</subfield>
   <subfield code="v">τ.1:</subfield>
   <subfield code="y">23</subfield>
   <subfield code="z">τ.1</subfield>
   <subfield code="4">1</subfield>
  </datafield>
  <datafield tag="852" ind1=" " ind2=" ">
   <subfield code="a">INST</subfield>
   <subfield code="b">UNIPILB</subfield>
   <subfield code="c">REF</subfield>
   <subfield code="e">20040709</subfield>
   <subfield code="h">025.3'2 ΑΓΓ</subfield>
   <subfield code="p">00138805</subfield>
   <subfield code="q">00138805</subfield>
   <subfield code="t">NOLOAN</subfield>
   <subfield code="v">τ.2:</subfield>
   <subfield code="y">23</subfield>
   <subfield code="z">τ.2</subfield>
   <subfield code="4">1</subfield>
  </datafield>
 </record>
</collection>
